000 00421nam a2200157 i 4500
001 71569
003 ES-MaACL
005 20230906171151.0
007 t|
008 040812s1933 mx ||||1| spa d
100 1 _aGeoffroy Rivas, Pedro.
_956374
245 1 0 _aCanciones en el viento /
_cPedro Geoffroy Rivas.
260 _aMéxico :
_b[Evolución],
_c1933.
300 _a67 p. ;
_c24 cm.
852 _aES-MaACL
_j1780-F-10
999 _c71569
_d71569